Statistics for Scandinavian Flags

Click here to take the quiz!

General Stats

  • This quiz has been taken 66 times
  • The average score is 6 of 6

Answer Stats

Answer% Correct
Denmark
100%
Norway
100%
Sweden
100%
Finland
98%
Iceland
96%
Faroe Islands
71%

Score Distribution

Percentile by Number Answered

Percent of People with Each Score

Your Score History

You have not taken this quiz